000 01308nam0a2200325 4500
001 RU\NLR\bibl\1018687
005 20260409080442.0
021 _aRU
_b2006-69057
_93473
035 _a(NLR Aleph) 001006236
090 _a609889
_c609889
100 _a20061208d2006 |||y0rusy50 ca
101 1 _arus
_ceng
102 _aRU
105 _ay |||||||||
200 1 _aЗавет
_e[курс по индуктивному методу, который помогает понимать Слово Божие и дает духовное исцеление и правильное направление в жизни]
_fКей Артур
205 _aИзд. 2-е
210 _aМосква
_cВесть
_d2006
215 _a[4], 125 с.
_d29
225 1 _aОт наставления к наставлению
_eсерия курсов по изучению Библии
320 _aБибилогр.: с. [4]
500 _aБиблия
_8rus
_7ca
_3RU\NLR\auth\553047
_92631014
606 1 _aЕвангелизация
_92082319
_3RU\NLR\auth\661258340
686 _aЭ376,0
700 1 _4070
_8rus
_7ca
_aАртур
_bК.
_gКей
_3RU\NLR\auth\778695
_9118590
801 0 _aRU
_bNLR
_c20061208
_grcr
801 1 _aRU
_bNLR
_c20061208
942 _cBOOK
980 _aNB